00380nam a2200157Ia 4500008004100000082002100041100001800062245002100080250000700101260002800108300000800136600001800144630002100162700001800183730002100201151018s9999 xx 000 0 und d bRBASDV10165a824 aQueen Ellery aThe reagedy of X b16 bPocket Books lnc.c1945 a304 aQueen Ellery aThe reagedy of X aQueen Ellery aThe reagedy of X